000 00492nam a22001937a 4500
003 MPLRDC
005 20220104124231.0
008 210129b ||||| |||| 00| 0 eng d
020 _a7-5007-0954-4
082 _a284 LBD
100 _a刘保端编写
245 _a希腊神话精选
_c
250 _a一版一刷
260 _a中国
_b中国少年儿童出版社
_c1990
300 _b165
490 _a世界古老民族神话系列
650 _a希腊神话
942 _cBK
_o284 LBD
999 _c17698
_d17688